[Event "Quebec-ch U20"]
[Site "Montreal CAN"]
[Date "2014.02.09"]
[Round "4"]
[White "Fan, Run Kun"]
[Black "Ouellet, Maili-Jade"]
[Result "0-1"]
[WhiteElo "1701"]
[BlackElo "1711"]
[PlyCount "101"]
[EventDate "2014.02.07"]
[EventType "swiss"]
[EventRounds "5"]
[EventCountry "CAN"]

1. Nf3 d5 2. g3 c5 3. Bg2 Nc6 4. d4 cxd4 5. Nxd4 e5 6. Nxc6 bxc6 7. O-O Nf6 8.
c4 Rb8 9. Nc3 d4 10. Ne4 Nxe4 11. Bxe4 Qd7 12. Qa4 Rb6 13. e3 c5 14. Qxd7+ Bxd7
15. exd4 cxd4 16. a3 Be6 17. Bd3 a5 18. f4 e4 19. Bxe4 Bxc4 20. Re1 Kd7 21. Rd1
Bc5 22. Be3 Rd6 23. b4 Ba7 24. Bf2 Rd8 25. Rac1 Bb3 26. Rd3 Bd5 27. Bxd5 Rxd5
28. bxa5 Rxa5 29. Rcd1 Ke6 30. Kg2 Ra4 31. Kf3 Rd5 32. g4 g6 33. h4 f5 34. g5
Bc5 35. h5 Kd6 36. hxg6 hxg6 37. Ke2 Kc6 38. Ra1 Kb5 39. Rb1+ Kc6 40. Rbb3 Bd6
41. Kf3 Kc5 42. Rb4 Rxb4 43. axb4+ Kc4 44. Rd1 Bxb4 45. Ke2 d3+ 46. Kf3 Kc3 47.
Ke3 d2 48. Ke2 Kc2 49. Ra1 d1=Q+ 50. Rxd1 Rxd1 51. Kf3 0-1

[Event "Quebec-ch U20"]
[Site "Montreal CAN"]
[Date "2014.02.09"]
[Round "4"]
[White "Johnson, Nicholas"]
[Black "Wang, Kelly"]
[Result "1/2-1/2"]
[WhiteElo "1838"]
[BlackElo "1685"]
[PlyCount "84"]
[EventDate "2014.02.07"]
[EventType "swiss"]
[EventRounds "5"]
[EventCountry "CAN"]

1. c4 e6 2. g3 Nf6 3. Bg2 d5 4. Nf3 Be7 5. O-O O-O 6. b3 Nbd7 7. Bb2 c5 8. e3
Nb6 9. d3 Qd7 10. Ne5 Qc7 11. f4 Rd8 12. Nd2 dxc4 13. bxc4 Bd6 14. g4 Nbd7 15.
g5 Nxe5 16. fxe5 Bxe5 17. Bxe5 Qxe5 18. gxf6 Qxe3+ 19. Rf2 Rxd3 20. Be4 Rd4 21.
Rb1 Rb8 22. Qg4 Qh6 23. Qg3 Ra8 24. Bxb7 Bxb7 25. Rxb7 Rad8 26. Rb8 Qg6 27.
Qxg6 hxg6 28. Rxd8+ Rxd8 29. fxg7 Kxg7 30. Nb3 Rc8 31. Rd2 Rc7 32. Kf2 f5 33.
Rd6 Kf6 34. h4 Ke5 35. Rd8 Rc6 36. Rg8 Kf6 37. Ra8 a6 38. Rd8 Ke5 39. Rg8 Kf6
40. Rd8 Ke5 41. Rg8 Kf6 42. Rd8 Ke5 1/2-1/2

[Event "Quebec-ch U20"]
[Site "Montreal CAN"]
[Date "2014.02.09"]
[Round "4"]
[White "Johnson-Constantin, Matthieu"]
[Black "Huang, Qiuyu"]
[Result "1-0"]
[WhiteElo "1639"]
[BlackElo "1562"]
[PlyCount "127"]
[EventDate "2014.02.07"]
[EventType "swiss"]
[EventRounds "5"]
[EventCountry "CAN"]

1. e4 c5 2. Nf3 Nc6 3. d4 cxd4 4. Nxd4 g6 5. c4 Bg7 6. Be3 Nf6 7. Nc3 d6 8. Be2
O-O 9. O-O Nd7 10. Kh1 Nc5 11. f4 Bd7 12. Bf3 Rc8 13. Nd5 a6 14. Rc1 Nxd4 15.
Bxd4 Bc6 16. Bxg7 Kxg7 17. b4 Nd7 18. Qd4+ Kg8 19. Nc3 Nb6 20. Bg4 Rb8 21. f5
Nd7 22. fxg6 hxg6 23. Bxd7 Qxd7 24. Rf3 e5 25. Qd3 Kg7 26. b5 axb5 27. cxb5 Qe6
28. bxc6 bxc6 29. Rd1 Rbd8 30. Qa6 Rc8 31. Rfd3 Rfd8 32. h3 Rc7 33. a4 Kh7 34.
a5 Kg7 35. Qb6 Rcc8 36. a6 Kh7 37. a7 Kg7 38. Qb7 Ra8 39. Na4 Qa2 40. Rxd6 Rxd6
41. Rxd6 Qa1+ 42. Kh2 Qc1 43. Qxa8 Qf4+ 44. Kg1 Qe3+ 45. Kf1 Qf4+ 46. Ke2 Qxe4+
47. Kd2 Qb4+ 48. Nc3 Qb2+ 49. Kd3 e4+ 50. Kxe4 Qxg2+ 51. Kd3 Qg3+ 52. Kc2 Qxd6
53. Qe8 Qh2+ 54. Qe2 Qxe2+ 55. Nxe2 c5 56. a8=Q c4 57. Qa1+ c3 58. Nf4 g5 59.
Qxc3+ Kh7 60. Nd5 f5 61. Qf6 f4 62. Ne7 f3 63. Qg6+ Kh8 64. Qg8# 1-0

[Event "Quebec-ch U20"]
[Site "Montreal CAN"]
[Date "2014.02.09"]
[Round "4"]
[White "Saha, Ananda"]
[Black "Nikulich, Oleksandr"]
[Result "0-1"]
[WhiteElo "1728"]
[BlackElo "2056"]
[PlyCount "70"]
[EventDate "2014.02.07"]
[EventType "swiss"]
[EventRounds "5"]
[EventCountry "CAN"]

1. d4 f5 2. g3 Nf6 3. Bg2 g6 4. c4 Bg7 5. e3 O-O 6. Nc3 d6 7. b3 c6 8. Bb2 Nbd7
9. Nge2 e5 10. d5 c5 11. Qd2 a6 12. h4 Qe7 13. O-O-O e4 14. Nf4 Ne5 15. Qe2 Bd7
16. h5 g5 17. h6 Bh8 18. Nh5 Nd3+ 19. Rxd3 exd3 20. Qxd3 Ng4 21. Qc2 Nxh6 22.
e4 Ng4 23. Bh3 Rae8 24. f3 Nf6 25. Nxf6+ Bxf6 26. f4 fxe4 27. Bxd7 Qxd7 28.
Nxe4 Bxb2+ 29. Kxb2 Qg7+ 30. Kb1 gxf4 31. Nxd6 Re5 32. gxf4 Rxf4 33. Qxh7+
Qxh7+ 34. Rxh7 Kxh7 35. Nxb7 Re2 0-1

[Event "Quebec-ch U20"]
[Site "Montreal CAN"]
[Date "2014.02.09"]
[Round "4"]
[White "Sprumont, Oscar"]
[Black "Guan, Zi Yu"]
[Result "1-0"]
[WhiteElo "2008"]
[BlackElo "1507"]
[PlyCount "87"]
[EventDate "2014.02.07"]
[EventType "swiss"]
[EventRounds "5"]
[EventCountry "CAN"]

1. Nf3 Nf6 2. c4 e6 3. g3 Be7 4. Bg2 d5 5. O-O O-O 6. b3 b6 7. Qc2 Bb7 8. cxd5
exd5 9. d4 Nbd7 10. Bf4 c5 11. Rd1 Rc8 12. dxc5 Bxc5 13. Qb2 a5 14. Nd4 Re8 15.
Nc3 Nf8 16. Na4 Bxd4 17. Qxd4 b5 18. Nc5 Ne6 19. Nxe6 fxe6 20. Rac1 Ng4 21. Bd2
Nf6 22. Qa7 Ba8 23. Bxa5 Qd6 24. Qb6 Qd7 25. Bh3 d4 26. Rxc8 Qxc8 27. Qxd4 Qc6
28. f3 e5 29. Qc3 Qb7 30. Qc7 Qa6 31. Rd6 Qb7 32. Qxb7 Bxb7 33. Rb6 Bd5 34. e4
Ba8 35. Rxb5 g6 36. Bc7 Kf7 37. Rxe5 Rxe5 38. Bxe5 g5 39. Bxf6 Kxf6 40. Kf2 h5
41. Ke3 g4 42. fxg4 hxg4 43. Bxg4 Kg5 44. Bf5 1-0

[Event "Quebec-ch U20"]
[Site "Montreal CAN"]
[Date "2014.02.09"]
[Round "4"]
[White "Zhu, Hong Rui"]
[Black "Leung, Chin"]
[Result "1-0"]
[WhiteElo "2068"]
[BlackElo "1874"]
[PlyCount "77"]
[EventDate "2014.02.07"]
[EventType "swiss"]
[EventRounds "5"]
[EventCountry "CAN"]

1. e4 c5 2. Nf3 d6 3. d4 cxd4 4. Nxd4 Nf6 5. Nc3 g6 6. Be3 Bg7 7. f3 Nc6 8. Qd2
O-O 9. O-O-O d5 10. Qe1 e5 11. Nxc6 bxc6 12. exd5 Nxd5 13. Bc4 Be6 14. Bc5 Qg5+
15. Kb1 Nxc3+ 16. Qxc3 Bxc4 17. Qxc4 Rfd8 18. g4 Qf6 19. Qe4 Qe6 20. Qe3 Rd5
21. h4 h6 22. h5 g5 23. Bb4 a5 24. Bc3 a4 25. a3 Rad8 26. Kc1 f5 27. Qe2 Bf8
28. Rxd5 Rxd5 29. Re1 Bd6 30. Qa6 fxg4 31. fxg4 Qxg4 32. Qa8+ Kg7 33. Qb7+ Kg8
34. Qxc6 Qf4+ 35. Kb1 Qf3 36. Qe8+ Bf8 37. Ka2 Rc5 38. Bb4 Rc6 39. Bxf8 1-0

[Event "Quebec-ch U20"]
[Site "Montreal CAN"]
[Date "2014.02.09"]
[Round "5"]
[White "Guan, Zi Yu"]
[Black "Fan, Run Kun"]
[Result "0-1"]
[WhiteElo "1507"]
[BlackElo "1701"]
[PlyCount "126"]
[EventDate "2014.02.07"]
[EventType "swiss"]
[EventRounds "5"]
[EventCountry "CAN"]

1. e4 Nf6 2. Nc3 e5 3. Nf3 Nc6 4. Bc4 Nxe4 5. Nxe4 d5 6. Bd3 dxe4 7. Bxe4 Bd7
8. O-O Bd6 9. d4 exd4 10. Nxd4 O-O 11. Be3 Qh4 12. Bxh7+ Qxh7 13. Nf3 Bg4 14.
g3 Qh5 15. Kg2 Ne5 16. Nxe5 Qh3+ 17. Kg1 Bxd1 18. Raxd1 Bxe5 19. c4 Bd6 20. Rd3
Rfe8 21. f4 Rxe3 22. Rxe3 Bc5 23. Rfe1 Re8 24. Kf2 Qxh2+ 25. Kf3 Rxe3+ 26. Rxe3
Bxe3 27. Kxe3 Qxb2 28. f5 Qxa2 29. f6 g6 30. g4 Qxc4 31. g5 a5 32. Kd2 a4 33.
Ke3 a3 34. Kd2 a2 35. Ke3 a1=B 36. Kd2 b5 37. Ke3 Qd4+ 38. Kf3 b4 39. Ke2 b3
40. Kf3 b2 41. Ke2 Kf8 42. Kf3 Ke8 43. Ke2 Kd7 44. Ke1 Ke6 45. Ke2 Kf5 46. Kf3
Kxg5 47. Kg3 Kxf6 48. Kf3 b1=B 49. Ke2 Ke5 50. Kf3 f5 51. Ke2 g5 52. Kf3 Be4+
53. Ke2 f4 54. Kf1 g4 55. Ke1 Bc3+ 56. Kf1 Bd3+ 57. Kg2 f3+ 58. Kg3 Qf4+ 59.
Kh4 g3+ 60. Kh3 f2 61. Kg2 f1=B+ 62. Kh1 g2+ 63. Kg1 Bd4# 0-1

[Event "Quebec-ch U20"]
[Site "Montreal CAN"]
[Date "2014.02.09"]
[Round "5"]
[White "Leung, Chin"]
[Black "Johnson-Constantin, Matthieu"]
[Result "1-0"]
[WhiteElo "1874"]
[BlackElo "1639"]
[PlyCount "35"]
[EventDate "2014.02.07"]
[EventType "swiss"]
[EventRounds "5"]
[EventCountry "CAN"]

1. e4 e6 2. d4 d5 3. Nc3 dxe4 4. Nxe4 Nf6 5. Bg5 Be7 6. Nxf6+ gxf6 7. Bh6 b6 8.
Qd3 f5 9. O-O-O Bg5+ 10. Bxg5 Qxg5+ 11. Kb1 Bb7 12. Nf3 Qe7 13. Qc3 Rg8 14. Ne5
Qd6 15. Qh3 Rg7 16. Qh6 Qf8 17. Rg1 Nc6 18. Bb5 1-0

[Event "Quebec-ch U20"]
[Site "Montreal CAN"]
[Date "2014.02.09"]
[Round "5"]
[White "Nikulich, Oleksandr"]
[Black "Zhu, Hong Rui"]
[Result "1-0"]
[WhiteElo "2056"]
[BlackElo "2068"]
[PlyCount "127"]
[EventDate "2014.02.07"]
[EventType "swiss"]
[EventRounds "5"]
[EventCountry "CAN"]

1. e4 c5 2. Ne2 Nc6 3. d4 cxd4 4. Nxd4 g6 5. c4 Bg7 6. Be3 Nf6 7. Nc3 d6 8. Be2
O-O 9. O-O Bd7 10. Qd2 Rc8 11. Rad1 Re8 12. Kh1 Ne5 13. b3 Qa5 14. f3 a6 15.
Rc1 Nc6 16. Rc2 Nxd4 17. Bxd4 b5 18. Bxf6 Bxf6 19. Nd5 Qxd2 20. Nxf6+ exf6 21.
Rxd2 f5 22. Rxd6 Bc6 23. cxb5 axb5 24. Rxc6 Rxc6 25. Bxb5 Rec8 26. Bxc6 Rxc6
27. exf5 gxf5 28. a4 Rc2 29. Rb1 Ra2 30. f4 Kf8 31. h3 Ke7 32. Kh2 h5 33. Kg3
Kd6 34. Rd1+ Kc5 35. Rd7 f6 36. Rf7 Rb2 37. Rxf6 Rxb3+ 38. Kh2 Kd4 39. Rxf5 Ke4
40. Rxh5 Kxf4 41. Rh8 Ra3 42. Ra8 Ke4 43. a5 Ke5 44. a6 Kf6 45. a7 Kg7 46. h4
Kh7 47. g3 Kg7 48. Kh3 Kh7 49. h5 Ra5 50. g4 Ra6 51. Kh4 Kg7 52. g5 Ra4+ 53.
Kg3 Ra3+ 54. Kf4 Ra4+ 55. Ke3 Ra3+ 56. Kd2 Ra6 57. h6+ Kh7 58. g6+ Rxg6 59. Rd8
Ra6 60. a8=Q Rd6+ 61. Kc3 Rc6+ 62. Kb4 Rb6+ 63. Ka5 Ra6+ 64. Kxa6 1-0

[Event "Quebec-ch U20"]
[Site "Montreal CAN"]
[Date "2014.02.09"]
[Round "5"]
[White "Ouellet, Maili-Jade"]
[Black "Johnson, Nicholas"]
[Result "0-1"]
[WhiteElo "1711"]
[BlackElo "1838"]
[PlyCount "60"]
[EventDate "2014.02.07"]
[EventType "swiss"]
[EventRounds "5"]
[EventCountry "CAN"]

1. d4 e6 2. c4 f5 3. g3 Nf6 4. Bg2 d5 5. Nc3 c6 6. Bf4 Be7 7. cxd5 exd5 8. Nf3
O-O 9. O-O Nbd7 10. Rb1 Ne4 11. Qc2 g5 12. Be5 g4 13. Nd2 Nxe5 14. Ndxe4 fxe4
15. dxe5 Kh8 16. Rbd1 Qe8 17. Qd2 Be6 18. Kh1 Qh5 19. Qd4 Bd8 20. Qb4 Bb6 21.
Qd6 Rae8 22. e3 Rf7 23. Na4 Bc7 24. Qc5 Bxe5 25. Qxa7 b5 26. Qb6 bxa4 27. Qxc6
Rf6 28. Qxa4 Rh6 29. Bh3 Rb8 30. Rd2 Qxh3 0-1

[Event "Quebec-ch U20"]
[Site "Montreal CAN"]
[Date "2014.02.09"]
[Round "5"]
[White "Saha, Ananda"]
[Black "Sprumont, Oscar"]
[Result "1/2-1/2"]
[WhiteElo "1728"]
[BlackElo "2008"]
[PlyCount "89"]
[EventDate "2014.02.07"]
[EventType "swiss"]
[EventRounds "5"]
[EventCountry "CAN"]

1. Nf3 Nf6 2. g3 g6 3. Bg2 Bg7 4. O-O O-O 5. d4 d5 6. b3 c5 7. e3 Nc6 8. Bb2
cxd4 9. exd4 Bf5 10. Nh4 Bd7 11. Nc3 e6 12. Nb5 Qb6 13. a4 a6 14. Na3 Rac8 15.
c3 Na5 16. b4 Nc4 17. Nxc4 Rxc4 18. Re1 Rfc8 19. Nf3 R4c7 20. Nd2 Be8 21. Nb3
Nd7 22. Re3 Qd6 23. Qe2 Nb6 24. Nc5 Re7 25. f4 Nc4 26. Rf3 Rec7 27. Re1 Ra8 28.
a5 b6 29. axb6 Qxb6 30. g4 a5 31. f5 exf5 32. gxf5 axb4 33. fxg6 hxg6 34. Bc1
bxc3 35. Qxe8+ Rxe8 36. Rxe8+ Bf8 37. Bh6 c2 38. Rxf8+ Kh7 39. Rh3 Qb1+ 40. Bf1
g5 41. Bxg5+ Kg6 42. Rg8+ Kf5 43. Rf3+ Kg4 44. Rg3+ Kf5 45. Rf3+ 1/2-1/2

[Event "Quebec-ch U20"]
[Site "Montreal CAN"]
[Date "2014.02.09"]
[Round "5"]
[White "Tinica, Gabriel"]
[Black "Zhong, Wenxuan"]
[Result "1-0"]
[WhiteElo "1402"]
[BlackElo "1412"]
[PlyCount "143"]
[EventDate "2014.02.07"]
[EventType "swiss"]
[EventRounds "5"]
[EventCountry "CAN"]

1. d4 d5 2. c4 c6 3. Nf3 e6 4. e3 Nf6 5. Nc3 Nbd7 6. Bd3 Be7 7. O-O O-O 8. Qc2
c5 9. cxd5 exd5 10. b3 Re8 11. Bb2 b6 12. Ne5 Bb7 13. Nxd7 Qxd7 14. Bf5 Qc7 15.
dxc5 bxc5 16. Nb5 Qb6 17. a4 a6 18. Bxf6 Bxf6 19. Bxh7+ Kh8 20. Nc3 Rad8 21. a5
Qc7 22. Rac1 c4 23. bxc4 dxc4 24. Ne2 Rc8 25. Bf5 Rb8 26. Qxc4 Qxc4 27. Rxc4
Bd5 28. Rc5 Rb5 29. Rxb5 axb5 30. Bd7 Rb8 31. Nd4 Bxd4 32. exd4 b4 33. Bf5 b3
34. Bb1 Bc4 35. Re1 b2 36. h3 Kg8 37. f3 Kf8 38. Kf2 Rb3 39. Ba2 Rc3 40. Bxc4
Rxc4 41. Rb1 Rxd4 42. Rxb2 Ra4 43. Rb5 Ke7 44. Rb7+ Ke6 45. Ra7 g5 46. Kg3 f5
47. a6 Kd6 48. Rg7 Ke5 49. Rxg5 Rxa6 50. h4 Rh6 51. h5 Kf6 52. Kh4 Ke5 53. Rg6
Rxg6 54. hxg6 Kf6 55. Kh5 Kg7 56. Kg5 f4 57. Kxf4 Kxg6 58. Kg4 Kf6 59. Kf4 Kg6
60. Ke5 Kf7 61. f4 Ke7 62. g4 Kf7 63. Kf5 Kg7 64. Ke6 Kg6 65. Ke7 Kg7 66. f5
Kh6 67. g5+ Kxg5 68. f6 Kf5 69. f7 Ke5 70. f8=Q Kd5 71. Qf4 Kc6 72. Qd4 1-0

[Event "Quebec-ch U20 B"]
[Site "Montreal CAN"]
[Date "2014.02.08"]
[Round "2"]
[White "Demchenko, Svitlana"]
[Black "Marsault, Paul"]
[Result "1-0"]
[WhiteElo "1349"]
[BlackElo "1074"]
[PlyCount "75"]
[EventDate "2014.02.07"]
[EventType "swiss"]
[EventRounds "5"]
[EventCountry "CAN"]

1. e4 e5 2. Nf3 Nc6 3. d4 exd4 4. Nxd4 Nf6 5. Nc3 Bb4 6. Nxc6 bxc6 7. Bd3 Bb7
8. O-O Bxc3 9. bxc3 c5 10. Re1 O-O 11. Bg5 h6 12. Bh4 Qe7 13. e5 Qe6 14. exf6
Qc6 15. Qg4 g6 16. Bxg6 Qxg2+ 17. Qxg2 Bxg2 18. Bxf7+ Rxf7 19. Kxg2 Kh7 20. Re7
Raf8 21. Rae1 Kg6 22. Rxf7 Rxf7 23. Re7 Rxe7 24. fxe7 Kf7 25. Kg3 d5 26. Kf4 c6
27. Ke5 d4 28. cxd4 cxd4 29. Kxd4 h5 30. Kc5 a5 31. Kd6 Ke8 32. Kxc6 a4 33. a3
Kf7 34. Kd7 Kg7 35. e8=Q Kh7 36. Ke6 Kg7 37. Qf7+ Kh8 38. Bf6# 1-0

[Event "RA Fall op"]
[Site "Ottawa CAN"]
[Date "2014.09.19"]
[Round "1"]
[White "Gelblum, Robert"]
[Black "Yang, Michael"]
[Result "1-0"]
[WhiteElo "2226"]
[BlackElo "1975"]
[PlyCount "71"]
[EventDate "2014.09.19"]
[EventType "swiss"]
[EventRounds "5"]
[EventCountry "CAN"]

1. e4 c5 2. Nf3 e6 3. d3 d5 4. Qe2 dxe4 5. dxe4 Nc6 6. c3 e5 7. Qc2 Qc7 8. Bc4
Bg4 9. Be3 Nf6 10. Nbd2 a6 11. h3 Bh5 12. O-O Be7 13. Rae1 h6 14. Nh4 g5 15.
Nf5 Bf8 16. g3 Bg6 17. a3 Qd7 18. g4 Bxf5 19. exf5 O-O-O 20. b4 Nd5 21. Ne4
Nxe3 22. Rxe3 cxb4 23. axb4 Qc7 24. Qa2 Rd7 25. Nf6 Rd8 26. Bxf7 Kb8 27. Ne4
Bg7 28. Nc5 Bf6 29. Bc4 Qb6 30. Ne4 Ne7 31. Be6 Rhf8 32. Rb1 Qc6 33. c4 Nc8 34.
b5 axb5 35. cxb5 Qb6 36. Ra3 1-0

[Event "RA Fall op"]
[Site "Ottawa CAN"]
[Date "2014.09.19"]
[Round "1"]
[White "Profit, Brian"]
[Black "Valdizon, Armando"]
[Result "1/2-1/2"]
[WhiteElo "2029"]
[BlackElo "2232"]
[PlyCount "125"]
[EventDate "2014.09.19"]
[EventType "swiss"]
[EventRounds "5"]
[EventCountry "CAN"]

1. d4 f5 2. e4 fxe4 3. Nc3 Nf6 4. Bg5 e6 5. Nxe4 Be7 6. Bxf6 Bxf6 7. Nf3 d5 8.
Nc5 O-O 9. Qd2 Nc6 10. Bb5 Ne7 11. O-O b6 12. Nd3 Qd6 13. Nde5 c5 14. c3 a6 15.
Ba4 cxd4 16. cxd4 b5 17. Bc2 Bd7 18. Qd3 g6 19. Rfe1 Rac8 20. Rac1 Bxe5 21.
Nxe5 Rc7 22. Qd2 Nc6 23. Nxc6 Rxc6 24. Bd3 Rfc8 25. Rxc6 Rxc6 26. h4 Qe7 27.
Re5 Qxh4 28. Be2 Qf6 29. Re3 Qf4 30. g3 Qc7 31. Rc3 Rxc3 32. bxc3 Kg7 33. f4 g5
34. Kh2 gxf4 35. gxf4 Be8 36. Bg4 Kf6 37. Qe3 Qd6 38. Qe5+ Qxe5 39. fxe5+ Ke7
40. Kg3 Bg6 41. Kf4 h6 42. a3 Bf7 43. Bh3 Kf8 44. Kg4 Kg7 45. Kh4 Kg6 46. Bg4
Kg7 47. Bh3 Kf8 48. Kg4 Bg6 49. Kf4 Kf7 50. Bg4 Bc2 51. Bh5+ Ke7 52. Bg4 Kd7
53. Bh3 Bg6 54. Bg4 Bf7 55. Bh3 Kc6 56. Ke3 Kb6 57. Kd2 Ka5 58. Kc1 Ka4 59. Kb2
a5 60. Bg4 b4 61. Bd1+ Kb5 62. Be2+ Ka4 63. Bd1+ 1/2-1/2

[Event "RA Fall op"]
[Site "Ottawa CAN"]
[Date "2014.09.19"]
[Round "1"]
[White "Smilovici, Emil"]
[Black "Doubleday, William"]
[Result "1-0"]
[WhiteElo "1919"]
[BlackElo "2138"]
[PlyCount "81"]
[EventDate "2014.09.19"]
[EventType "swiss"]
[EventRounds "5"]
[EventCountry "CAN"]

1. e4 c5 2. Nf3 Nc6 3. d4 cxd4 4. Nxd4 Qb6 5. Nb3 Nf6 6. Nc3 e6 7. Be3 Qc7 8.
Qf3 Bb4 9. Bg5 Ne5 10. Qe3 Neg4 11. Qd4 Bxc3+ 12. bxc3 h6 13. Bh4 e5 14. Qd3
Nxe4 15. Qxe4 Qxc3+ 16. Kd1 d5 17. Qd3 Qc6 18. Qb5 O-O 19. Qxc6 bxc6 20. Be2 f5
21. f3 Ne3+ 22. Kd2 Nxg2 23. Bf2 Nf4 24. Nc5 e4 25. Bd4 Ne6 26. c3 Rf7 27. Rab1
Nxc5 28. Bxc5 Be6 29. Rb2 Rd8 30. f4 g5 31. Bh5 Rg7 32. Bd4 Rc7 33. Be5 Rcd7
34. Bf6 Rc8 35. fxg5 hxg5 36. Bxg5 c5 37. Rg1 d4 38. Be7+ Kh7 39. Bf6 Rg8 40.
Rxg8 Kxg8 41. Rb8+ 1-0

[Event "RA Fall op"]
[Site "Ottawa CAN"]
[Date "2014.09.19"]
[Round "1"]
[White "Upper, John"]
[Black "Kellar, Ben"]
[Result "1-0"]
[WhiteElo "2198"]
[BlackElo "1940"]
[PlyCount "71"]
[EventDate "2014.09.19"]
[EventType "swiss"]
[EventRounds "5"]
[EventCountry "CAN"]

1. Nf3 d5 2. d4 e6 3. g3 Nf6 4. Bg2 c5 5. O-O Nc6 6. b3 cxd4 7. Nxd4 Bc5 8.
Nxc6 bxc6 9. c4 O-O 10. Ba3 Bxa3 11. Nxa3 a5 12. cxd5 cxd5 13. Nc4 Ba6 14. Nb2
Rc8 15. Nd3 Ne4 16. Rc1 Nc3 17. Qd2 d4 18. Rfe1 Qd6 19. f4 f6 20. Bf3 e5 21.
Nf2 Qb6 22. Kg2 Bb7 23. Qd3 Rfe8 24. fxe5 fxe5 25. Ne4 Bxe4 26. Bxe4 g6 27. Rf1
Nxa2 28. Rxc8 Rxc8 29. Qf3 Kh8 30. Qf7 Nc3 31. Qe7 Qd8 32. Qxe5+ Kg8 33. Qe6+
Kh8 34. Rf7 Nxe4 35. Qe5+ Nf6 36. Rxf6 1-0

[Event "RA Fall op"]
[Site "Ottawa CAN"]
[Date "2014.09.20"]
[Round "2"]
[White "Collins, Chris"]
[Black "Gelblum, Robert"]
[Result "1/2-1/2"]
[WhiteElo "2114"]
[BlackElo "2226"]
[PlyCount "114"]
[EventDate "2014.09.19"]
[EventType "swiss"]
[EventRounds "5"]
[EventCountry "CAN"]

1. e4 c5 2. Nf3 d6 3. d4 cxd4 4. Nxd4 Nf6 5. Nc3 g6 6. Be2 Bg7 7. O-O O-O 8.
Be3 Nc6 9. Nb3 Bd7 10. f4 Rc8 11. Bf3 Qc7 12. Nd5 Nxd5 13. exd5 Na5 14. Nxa5
Qxa5 15. c3 Rc4 16. Re1 Ra4 17. a3 Rc4 18. Qd2 Ba4 19. Bf2 Re8 20. Re4 Rxe4 21.
Bxe4 Bb3 22. Re1 b6 23. Bf3 Bc4 24. Bh4 Kf8 25. Kh1 Qc5 26. Bf2 Qc7 27. g4 e5
28. dxe6 fxe6 29. Bg3 e5 30. Bd5 Bxd5+ 31. Qxd5 Qc5 32. Qxc5 bxc5 33. fxe5 Bxe5
34. Rf1+ Kg7 35. Bxe5+ Rxe5 36. Rd1 d5 37. c4 dxc4 38. Rd7+ Kf6 39. Rxa7 Re1+
40. Kg2 Re2+ 41. Kg3 Rxb2 42. Ra5 Ke5 43. Rxc5+ Kd4 44. Rc7 c3 45. Rd7+ Ke3 46.
Rxh7 c2 47. Rc7 Kd2 48. Kf4 Rb3 49. Rxc2+ Kxc2 50. Kg5 Rxa3 51. Kxg6 Rh3 52. g5
Kd3 53. Kf6 Ke4 54. g6 Rxh2 55. g7 Rg2 56. Kf7 Rf2+ 57. Kg6 Rg2+ 1/2-1/2

[Event "RA Fall op"]
[Site "Ottawa CAN"]
[Date "2014.09.20"]
[Round "2"]
[White "Kirby, Patrick"]
[Black "Donev, Danail"]
[Result "1-0"]
[WhiteElo "2214"]
[BlackElo "2038"]
[PlyCount "57"]
[EventDate "2014.09.19"]
[EventType "swiss"]
[EventRounds "5"]
[EventCountry "CAN"]

1. d4 Nf6 2. Nf3 g6 3. b4 Bg7 4. Bb2 O-O 5. Nbd2 d6 6. e4 Nbd7 7. Bd3 Nh5 8.
Nc4 d5 9. exd5 Nf4 10. Ne3 Nf6 11. c4 b5 12. cxb5 N6xd5 13. O-O Nxd3 14. Qxd3
Bb7 15. Nxd5 Qxd5 16. Rfc1 Rac8 17. Rc5 Qd6 18. Ne5 Bxe5 19. Rxe5 Qxb4 20. Ba3
Qa5 21. Bxe7 Rfe8 22. a4 f5 23. Qb3+ Kg7 24. Rae1 Qd2 25. Bb4 Qg5 26. d5 Rxe5
27. Rxe5 Rd8 28. Re7+ Kh6 29. Qh3+ 1-0

[Event "RA Fall op"]
[Site "Ottawa CAN"]
[Date "2014.09.20"]
[Round "2"]
[White "Wan, Kevin"]
[Black "Profit, Brian"]
[Result "1/2-1/2"]
[WhiteElo "2215"]
[BlackElo "2029"]
[PlyCount "67"]
[EventDate "2014.09.19"]
[EventType "swiss"]
[EventRounds "5"]
[EventCountry "CAN"]

1. e4 e6 2. d4 d5 3. Nc3 Bb4 4. e5 c5 5. a3 Bxc3+ 6. bxc3 Qc7 7. Nf3 b6 8. Bb5+
Bd7 9. a4 Bxb5 10. axb5 a5 11. bxa6 Rxa6 12. Rxa6 Nxa6 13. Qe2 Nb8 14. Qb5+ Nd7
15. O-O Ne7 16. Bg5 h6 17. Bxe7 Kxe7 18. c4 dxc4 19. Qxc4 Rc8 20. Rd1 cxd4 21.
Qxd4 Rd8 22. Qb4+ Nc5 23. Rxd8 Kxd8 24. Qg4 Qd7 25. g3 g6 26. Qh4+ Ke8 27. Qxh6
Qd1+ 28. Kg2 Qxc2 29. Qh8+ Ke7 30. Qh4+ Ke8 31. Qh8+ Ke7 32. Qf6+ Ke8 33. Ng5
Qf5 34. Qh8+ 1/2-1/2

[Event "RA Fall op"]
[Site "Ottawa CAN"]
[Date "2014.09.20"]
[Round "3"]
[White "Kellar, Ben"]
[Black "Wan, Kevin"]
[Result "0-1"]
[WhiteElo "1940"]
[BlackElo "2006"]
[PlyCount "52"]
[EventDate "2014.09.19"]
[EventType "swiss"]
[EventRounds "5"]
[EventCountry "CAN"]

1. c4 e6 2. Nf3 Nf6 3. d4 d5 4. Nc3 c6 5. cxd5 exd5 6. Bg5 Be7 7. e3 Bf5 8. Bd3
Bxd3 9. Qxd3 Nbd7 10. O-O h6 11. Bh4 O-O 12. Rfe1 Re8 13. Rad1 Qb6 14. Re2 a5
15. Ne1 Qa6 16. f3 Qb6 17. Bf2 Nf8 18. e4 Ng6 19. Qd2 dxe4 20. fxe4 Ng4 21. Bg3
Bg5 22. Qd3 Rad8 23. h3 N6e5 24. Na4 Qb4 25. Qb3 Rxd4 26. hxg4 Qxb3 0-1

[Event "RA Fall op"]
[Site "Ottawa CAN"]
[Date "2014.09.20"]
[Round "3"]
[White "Smilovici, Emil"]
[Black "Upper, John"]
[Result "1-0"]
[WhiteElo "1919"]
[BlackElo "2198"]
[PlyCount "91"]
[EventDate "2014.09.19"]
[EventType "swiss"]
[EventRounds "5"]
[EventCountry "CAN"]

1. e4 e6 2. d4 d5 3. exd5 exd5 4. Nf3 Bg4 5. h3 Bh5 6. Be2 Nc6 7. c3 Bd6 8. O-O
Nge7 9. Re1 O-O 10. Ng5 Bxe2 11. Qxe2 h6 12. Nf3 Ng6 13. Be3 a6 14. Na3 Qf6 15.
Nc2 Rae8 16. Qf1 Kh7 17. Bd2 Bf4 18. Ne3 Bxe3 19. Rxe3 Rxe3 20. Bxe3 Nce7 21.
Re1 Nf5 22. Bd2 Nd6 23. Ne5 Qf5 24. Qe2 Re8 25. Qf3 Nxe5 26. Qxf5+ Nxf5 27.
Rxe5 Rxe5 28. dxe5 g5 29. f4 Kg6 30. g4 Ng3 31. f5+ Nxf5 32. gxf5+ Kxf5 33. Be1
c5 34. Bg3 b5 35. Kf2 Ke4 36. Ke2 h5 37. Bf2 d4 38. cxd4 cxd4 39. Kd2 h4 40.
Bg1 Kxe5 41. Kd3 Kf4 42. Kxd4 Kg3 43. Be3 g4 44. hxg4 h3 45. Ke4 Kxg4 46. Bf4
1-0

[Event "RA Fall op"]
[Site "Ottawa CAN"]
[Date "2014.09.20"]
[Round "4"]
[White "Gelblum, Robert"]
[Black "Kirby, Patrick"]
[Result "1-0"]
[WhiteElo "2226"]
[BlackElo "2214"]
[PlyCount "95"]
[EventDate "2014.09.19"]
[EventType "swiss"]
[EventRounds "5"]
[EventCountry "CAN"]

1. e4 e5 2. Nf3 Nc6 3. Bb5 a6 4. Ba4 Nf6 5. O-O Be7 6. Re1 b5 7. Bb3 O-O 8. a4
b4 9. d3 d6 10. c3 Rb8 11. Nbd2 Na5 12. Ba2 c5 13. Nc4 Nxc4 14. Bxc4 Qc7 15. h3
bxc3 16. bxc3 Bb7 17. Bd2 Kh8 18. Bb3 Nd7 19. g4 Nf6 20. Kh1 d5 21. exd5 Nxd5
22. Kg1 Bd6 23. Ng5 Nf6 24. Ne4 Nxe4 25. dxe4 c4 26. Bc2 Bc5 27. Be3 Bxe3 28.
Rxe3 Rfd8 29. Qe1 Rd6 30. Rd1 Rbd8 31. Rxd6 Qxd6 32. Qb1 Ba8 33. Re1 Rb8 34.
Qc1 Qg6 35. Qe3 h5 36. f3 Rb2 37. Re2 Bc6 38. Rd2 Kh7 39. Qe2 Qe6 40. Qd1 Qe7
41. Kg2 Qc5 42. Qe1 Qa3 43. Qh4 g6 44. Qf6 Qxc3 45. Qxf7+ Kh6 46. Qf8+ Kh7 47.
Qe7+ Kh6 48. g5# 1-0

[Event "RA Fall op"]
[Site "Ottawa CAN"]
[Date "2014.09.20"]
[Round "4"]
[White "Valdizon, Armando"]
[Black "Collins, Chris"]
[Result "1-0"]
[WhiteElo "2232"]
[BlackElo "2114"]
[PlyCount "37"]
[EventDate "2014.09.19"]
[EventType "swiss"]
[EventRounds "5"]
[EventCountry "CAN"]

1. d4 Nf6 2. c4 g6 3. Nc3 Bg7 4. e4 d6 5. Bg5 c5 6. d5 h6 7. Bf4 Nh5 8. Be3 O-O
9. g4 Nf6 10. f3 e6 11. dxe6 Bxe6 12. Qd2 Nc6 13. O-O-O Nd4 14. Bxh6 Qa5 15.
Bxg7 Kxg7 16. Kb1 Nd7 17. Nb5 Qxd2 18. Rxd2 Ne5 19. Nxd4 1-0